|
|
|
|
| LEADER |
00000nam0a2200000 4500 |
| 001 |
191793 |
| 005 |
20231031180853.0 |
| 035 |
|
|
|a (RuTPU)RU\TPU\book\209154
|
| 035 |
|
|
|a RU\TPU\book\162358
|
| 090 |
|
|
|a 191793
|
| 100 |
|
|
|a 20110211d2008 m y0rusy50 ca
|
| 101 |
0 |
|
|a rus
|
| 102 |
|
|
|a RU
|
| 105 |
|
|
|a a j 001zy
|
| 200 |
1 |
|
|a Электромагнитные переходные процессы в электроэнергетических системах
|e учебное пособие
|f В. И. Готман
|g Томский политехнический университет (ТПУ), Институт дистанционного образования
|
| 205 |
|
|
|a 2-е изд., перераб. и доп.
|
| 210 |
|
|
|a Томск
|c Изд-во ТПУ
|d 2008
|
| 215 |
|
|
|a 44 с.
|c ил.
|
| 320 |
|
|
|a Литература: с. 42.
|
| 330 |
|
|
|a В данном учебном пособии рассматриваются вопросы анализа и расчета электромагнитных переходных процессов в электрических системах; обосновываются параметры силовых элементов энергосистемы и их схемы замещения; даны методы расчета режимов короткого замыкания и продольной несимметрии; обсуждаются технические мероприятия по ограничению токов короткого замыкания; приведены числовые примеры. Пособие подготовлено на кафедре электроэнергетических систем и высоковольтной техники, соответствует требованиям Государственного образовательного стандарта высшего профессионального образования и предназначено для студентов специальностей 140205 «Электроэнергетические системы и сети», 140203 «Релейная защита и автоматизация электроэнергетических систем», 140211 «Электроснабжение».
|
| 451 |
|
1 |
|0 (RuTPU)RU\TPU\book\38589
|t Электромагнитные переходные процессы в электрических системах
|o учебное пособие по курсовому проектированию
|f В. И. Готман
|g Томский политехнический университет
|c Томск
|n Изд-во ТПУ
|d 2002
|p 68 с.
|a Готман, Владимир Иванович
|
| 610 |
1 |
|
|a электроэнергетические системы
|
| 610 |
1 |
|
|a переходные процессы
|
| 610 |
1 |
|
|a электрический ток
|
| 610 |
1 |
|
|a расчет
|
| 610 |
1 |
|
|a электрические сети
|
| 610 |
1 |
|
|a короткое замыкание
|
| 610 |
1 |
|
|a электрические машины
|
| 610 |
1 |
|
|a режимы
|
| 610 |
1 |
|
|a параметры
|
| 610 |
1 |
|
|a практические методы
|
| 610 |
1 |
|
|a несимметричные короткие замыкания
|
| 610 |
1 |
|
|a повреждения
|
| 610 |
1 |
|
|a электроустановки
|
| 610 |
1 |
|
|a учебные пособия
|
| 610 |
1 |
|
|a труды учёных ТПУ
|
| 610 |
1 |
|
|a релейная защита
|
| 610 |
1 |
|
|a электроснабжение
|
| 610 |
1 |
|
|a дистанционное образование
|
| 675 |
|
|
|a 621.311.018(075.8)
|v 3
|
| 700 |
|
1 |
|a Готман
|b В. И.
|c российский ученый, специалист в области электроэнергетических систем
|c доцент Томского политехнического университета, кандидат технических наук
|f 1941-
|g Владимир Иванович
|2 stltpush
|3 (RuTPU)RU\TPU\pers\25183
|
| 712 |
0 |
2 |
|a Томский политехнический университет (ТПУ)
|b Институт дистанционного образования (ИДО)
|2 stltpush
|3 (RuTPU)RU\TPU\col\12625
|
| 801 |
|
1 |
|a RU
|b 63413507
|c 20081222
|g PSBO
|
| 801 |
|
2 |
|a RU
|b 63413507
|c 20180716
|g PSBO
|
| 900 |
|
|
|a Электромагнитные переходные процессы
|
| 900 |
|
|
|a Электромагнитные переходные процессы в электроэнергетических системах
|
| 900 |
|
|
|a Переходные процессы в системе электроснабжения
|
| 900 |
|
|
|a Переходные процессы в системах электроснабжения
|
| 900 |
|
|
|a Электромагнитные переходные процессы в электрических системах
|
| 942 |
|
|
|c BK
|
| 955 |
|
|
|b 140205
|b 140203
|b 140211
|